[Event "World Chess Olympiad 2018"]
[Site "Batumi"]
[Date "2018.09.25"]
[Round "2"]
[Board "3"]
[WhiteFideId "15600289"]
[White "Ponomarenko John"]
[BlackFideId "19800380"]
[Black "Maiga Baba Moulaye Abdalla"]
[Result "0-1"]
[LiveChessVersion "1.4.8"]
[BlackElo "1978"]
[WhiteElo "1631"]

1. d4 {[%clk 1:30:55]} d5 {[%clk 1:30:55]} 2. Bf4 {[%clk 1:31:09]} Bf5
{[%clk 1:31:21]} 3. e3 {[%clk 1:31:18]} e6 {[%clk 1:31:42]} 4. Nf3
{[%clk 1:30:50]} Bd6 {[%clk 1:31:11]} 5. Bg3 {[%clk 1:30:41]} Ne7
{[%clk 1:31:00]} 6. c4 {[%clk 1:27:09]} Bxg3 {[%clk 1:30:08]} 7. hxg3
{[%clk 1:27:11]} Nbc6 {[%clk 1:30:29]} 8. Nc3 {[%clk 1:24:35]} h6
{[%clk 1:29:11]} 9. cxd5 {[%clk 1:19:20]} exd5 {[%clk 1:28:53]} 10. a3
{[%clk 1:13:35]} a6 {[%clk 1:28:30]} 11. Bd3 {[%clk 1:12:46]} Qd7
{[%clk 1:27:37]} 12. Nh4 {[%clk 1:07:14]} Bxd3 {[%clk 1:21:38]} 13. Qxd3
{[%clk 1:07:22]} Na5 {[%clk 1:20:42]} 14. Qc2 {[%clk 1:05:03]} Qe6
{[%clk 1:18:17]} 15. O-O {[%clk 1:01:29]} O-O {[%clk 1:17:21]} 16. Na4
{[%clk 1:00:33]} Nc4 {[%clk 1:15:36]} 17. b3 {[%clk 0:56:22]} Nb6
{[%clk 1:09:44]} 18. Qxc7 {[%clk 0:53:35]} Nxa4 {[%clk 1:09:04]} 19. bxa4
{[%clk 0:53:51]} Rab8 {[%clk 1:07:50]} 20. Qe5 {[%clk 0:50:33]} Qxe5
{[%clk 1:06:38]} 21. dxe5 {[%clk 0:50:51]} g5 {[%clk 1:06:55]} 22. Nf3
{[%clk 0:50:52]} Nc6 {[%clk 1:06:35]} 23. Rfd1 {[%clk 0:48:24]} Rbd8
{[%clk 1:06:56]} 24. Rab1 {[%clk 0:47:46]} Rd7 {[%clk 1:05:38]} 25. e4
{[%clk 0:45:00]} d4 {[%clk 1:05:40]} 26. Rd3 {[%clk 0:42:16]} Re8
{[%clk 1:04:47]} 27. Rbd1 {[%clk 0:40:38]} g4 {[%clk 1:04:16]} 28. Nxd4
{[%clk 0:37:04]} Red8 {[%clk 1:04:10]} 29. Nxc6 {[%clk 0:33:48]} Rxd3
{[%clk 1:04:31]} 30. Rxd3 {[%clk 0:30:23]} Rxd3 {[%clk 1:04:56]} 31. Ne7+
{[%clk 0:30:24]} Kf8 {[%clk 1:03:18]} 32. Nd5 {[%clk 0:30:00]} Rd1+
{[%clk 1:01:38]} 33. Kh2 {[%clk 0:30:16]} Rf1 {[%clk 1:01:47]} 34. Nc7
{[%clk 0:30:10]} Rxf2 {[%clk 1:01:09]} 35. e6 {[%clk 0:30:28]} fxe6 36. Nxe6+ Ke7
{[%clk 1:00:16]} 37. Nc5 {[%clk 0:30:35]} Rb2 {[%clk 1:00:16]} 38. e5
{[%clk 0:30:39]} Rb1 {[%clk 1:00:01]} 39. e6 {[%clk 0:30:13]} Kd6
{[%clk 0:59:37]} 40. Ne4+ {[%clk 0:27:57]} Kxe6 {[%clk 0:59:55]} 41. a5
{[%clk 0:58:14]} Rb5 {[%clk 1:29:28]} 42. a4 {[%clk 0:58:30]} Rxa5
{[%clk 1:29:44]} 43. Nc3 {[%clk 0:58:46]} Ke5 {[%clk 1:29:35]} 44. Kg1
{[%clk 0:58:03]} Rc5 {[%clk 1:29:32]} 45. Kf2 {[%clk 0:58:11]} Rc4
{[%clk 1:29:37]} 46. Ne2 {[%clk 0:58:13]} Rc5 {[%clk 1:29:43]} 47. a5
{[%clk 0:58:14]} Rxa5 {[%clk 1:29:44]} 48. Ke3 {[%clk 0:58:31]} Rc5
{[%clk 1:29:23]} 49. Kd3 {[%clk 0:58:33]} b5 {[%clk 1:29:24]} 50. Nc3
{[%clk 0:58:38]} a5 {[%clk 1:29:35]} 51. Na2 {[%clk 0:58:53]} Rc3+
{[%clk 1:29:27]} 52. Kxc3 {[%clk 0:59:14]} b4+ {[%clk 1:29:48]} 53. Kd3
{[%clk 0:59:36]} b3 {[%clk 1:29:57]} 54. Kc3 {[%clk 0:59:52]} a4 {[%clk 1:30:18]}
55. Kd3 {[%clk 1:00:07]} b2 {[%clk 1:30:32]} 56. Kc2 {[%clk 1:00:04]} a3
{[%clk 1:30:52]} 57. Kb1 {[%clk 1:00:12]} Ke4 {[%clk 1:31:14]} 58. Kc2
{[%clk 1:00:14]} Ke3 {[%clk 1:31:34]} 0-1

[Event "World Chess Olympiad 2018"]
[Site "Batumi"]
[Date "2018.09.25"]
[Round "2"]
[Board "4"]
[WhiteFideId "19800061"]
[White "Toure Amadou"]
[BlackFideId "15600238"]
[Black "Wilson David"]
[Result "1/2-1/2"]
[LiveChessVersion "1.4.8"]
[BlackElo "1651"]
[WhiteElo "1859"]

1. e4 {[%clk 1:30:56]} e6 {[%clk 1:30:52]} 2. Nf3 {[%clk 1:30:50]} d5
{[%clk 1:29:49]} 3. exd5 {[%clk 1:30:14]} exd5 {[%clk 1:28:57]} 4. d4
{[%clk 1:29:36]} Nf6 {[%clk 1:27:36]} 5. Be2 {[%clk 1:29:06]} Be7
{[%clk 1:27:00]} 6. O-O {[%clk 1:29:32]} Nc6 {[%clk 1:22:51]} 7. h3
{[%clk 1:29:08]} Bf5 {[%clk 1:21:37]} 8. Bb5 {[%clk 1:27:58]} O-O
{[%clk 1:21:10]} 9. c3 {[%clk 1:24:43]} Nb8 {[%clk 1:17:35]} 10. Bg5
{[%clk 1:23:49]} c6 {[%clk 1:17:26]} 11. Bd3 {[%clk 1:21:54]} Bxd3
{[%clk 1:15:24]} 12. Qxd3 {[%clk 1:22:21]} Nbd7 {[%clk 1:15:28]} 13. Nbd2
{[%clk 1:22:15]} h6 {[%clk 1:14:29]} 14. Bh4 {[%clk 1:22:26]} Nh7
{[%clk 1:06:44]} 15. Bxe7 {[%clk 1:22:28]} Qxe7 {[%clk 1:07:11]} 16. Rfe1
{[%clk 1:22:57]} Qd6 {[%clk 1:07:14]} 17. Nh4 {[%clk 1:19:32]} g6
{[%clk 1:04:49]} 18. Ndf3 {[%clk 1:15:34]} Rae8 {[%clk 1:04:39]} 19. Qd2
{[%clk 1:14:42]} Kg7 {[%clk 0:56:20]} 20. Nh2 {[%clk 1:12:13]} Ndf6
{[%clk 0:48:40]} 21. Rxe8 {[%clk 1:06:59]} Rxe8 {[%clk 0:49:01]} 22. Re1
{[%clk 1:07:18]} Rxe1+ {[%clk 0:46:41]} 23. Qxe1 {[%clk 1:07:46]} Qe6
{[%clk 0:46:54]} 24. Kf1 {[%clk 1:06:57]} Qxe1+ {[%clk 0:42:40]} 25. Kxe1
{[%clk 1:07:25]} Ng5 {[%clk 0:42:58]} 26. N4f3 {[%clk 1:05:12]} Nxf3+
{[%clk 0:38:35]} 27. Nxf3 {[%clk 1:04:21]} Ne4 {[%clk 0:38:31]} 28. Ne5
{[%clk 1:03:40]} f6 {[%clk 0:38:23]} 29. Nd3 {[%clk 1:03:18]} g5 {[%clk 0:37:28]}
30. Ke2 {[%clk 0:59:12]} Kg6 {[%clk 0:36:56]} 31. a4 {[%clk 0:58:20]} a5
{[%clk 0:35:36]} 32. Nc5 {[%clk 0:55:43]} Nd6 {[%clk 0:32:18]} 33. f3
{[%clk 0:54:48]} h5 {[%clk 0:31:05]} 34. b3 {[%clk 0:52:45]} Kf7 {[%clk 0:28:33]}
35. Kd3 {[%clk 0:52:30]} Ke7 {[%clk 0:28:03]} 36. g4 {[%clk 0:52:04]} h4
{[%clk 0:27:56]} 37. Ke3 {[%clk 0:50:54]} b6 {[%clk 0:24:29]} 38. Nd3
{[%clk 0:51:21]} Kd7 {[%clk 0:22:28]} 39. f4 {[%clk 0:48:45]} Nf7
{[%clk 0:21:30]} 40. b4 {[%clk 1:16:26]} axb4 {[%clk 0:49:15]} 41. cxb4
{[%clk 1:16:54]} Kc7 {[%clk 0:48:45]} 42. fxg5 {[%clk 1:17:00]} fxg5
{[%clk 0:48:24]} 43. a5 {[%clk 1:16:11]} Kb7 {[%clk 0:42:58]} 44. Ne5
{[%clk 1:13:58]} Nd6 {[%clk 0:42:51]} 45. a6+ {[%clk 1:13:09]} Kxa6
{[%clk 0:42:03]} 46. Nxc6 {[%clk 1:13:38]} Kb5 {[%clk 0:41:32]} 47. Ne7
{[%clk 1:11:32]} Kc4 {[%clk 0:41:05]} 48. Nc6 {[%clk 1:10:11]} Kb5
{[%clk 0:36:25]} 49. Ne7 {[%clk 1:10:36]} Kc4 {[%clk 0:36:33]} 50. Nc6
{[%clk 1:09:44]} Kb5 {[%clk 0:37:02]} 51. Ne7 {[%clk 1:07:55]} Kc4 1/2-1/2

[Event "World Chess Olympiad 2018"]
[Site "Batumi"]
[Date "2018.09.25"]
[Round "2"]
[Board "1"]
[WhiteFideId "10609431"]
[White "Bongo Akanga Ndjila Barthelemy"]
[BlackFideId "6200176"]
[Black "Teerapabpaisit Wisuwat"]
[Result "0-1"]
[LiveChessVersion "1.4.8"]
[BlackElo "2154"]
[WhiteElo "1765"]

1. d4 {[%clk 1:30:24]} Nf6 {[%clk 1:30:55]} 2. c4 {[%clk 1:30:50]} g6
{[%clk 1:31:19]} 3. Nc3 {[%clk 1:31:15]} Bg7 {[%clk 1:31:43]} 4. e4
{[%clk 1:31:44]} d6 {[%clk 1:32:07]} 5. Be2 {[%clk 1:32:05]} c6 {[%clk 1:31:26]}
6. Nf3 {[%clk 1:27:32]} O-O {[%clk 1:31:31]} 7. O-O {[%clk 1:27:47]} a6
{[%clk 1:23:32]} 8. a4 {[%clk 1:17:08]} a5 {[%clk 1:23:44]} 9. Ne1
{[%clk 1:13:10]} e5 {[%clk 1:20:51]} 10. d5 {[%clk 1:06:01]} Na6 {[%clk 1:20:51]}
11. Nd3 {[%clk 1:05:59]} Nd7 {[%clk 1:15:27]} 12. Be3 {[%clk 0:59:41]} Nb4
{[%clk 1:10:07]} 13. Qb3 {[%clk 0:57:42]} Nxd3 {[%clk 1:06:35]} 14. Bxd3
{[%clk 0:58:07]} Nc5 {[%clk 1:06:38]} 15. Bxc5 {[%clk 0:54:39]} dxc5
{[%clk 1:07:04]} 16. Qc2 {[%clk 0:28:26]} Ra6 {[%clk 1:03:31]} 17. Ra3
{[%clk 0:25:41]} Rb6 {[%clk 1:03:39]} 18. Rd1 {[%clk 0:25:52]} Qg5
{[%clk 1:02:50]} 19. Bf1 {[%clk 0:23:37]} Re8 {[%clk 0:52:50]} 20. Na2
{[%clk 0:23:07]} f5 {[%clk 0:49:51]} 21. Rg3 {[%clk 0:23:15]} Qh4
{[%clk 0:48:48]} 22. Nc3 {[%clk 0:15:52]} Rf8 {[%clk 0:38:46]} 23. Rh3
{[%clk 0:14:36]} Qe7 {[%clk 0:38:17]} 24. d6 {[%clk 0:11:58]} Qf7
{[%clk 0:36:16]} 25. Rhd3 {[%clk 0:10:50]} Bd7 {[%clk 0:34:10]} 26. b3
{[%clk 0:05:41]} Rd8 {[%clk 0:34:05]} 27. f3 {[%clk 0:05:05]} f4 {[%clk 0:31:03]}
28. Na2 {[%clk 0:05:14]} Ra6 {[%clk 0:31:20]} 29. Qf2 {[%clk 0:05:27]} b6
{[%clk 0:31:40]} 30. Nc3 {[%clk 0:03:14]} Ra7 {[%clk 0:32:06]} 31. Qh4 Qf6
{[%clk 0:31:38]} 32. Qxf6 {[%clk 0:01:18]} Bxf6 {[%clk 0:32:05]} 33. g3
{[%clk 0:01:31]} Kf7 {[%clk 0:30:41]} 34. Ne2 {[%clk 0:01:55]} g5
{[%clk 0:30:47]} 35. g4 {[%clk 0:02:00]} h5 {[%clk 0:28:09]} 36. h3
{[%clk 0:02:29]} Ke6 {[%clk 0:28:20]} 37. Nc3 {[%clk 0:02:37]} Rh8
{[%clk 0:28:24]} 38. R3d2 {[%clk 0:02:27]} Bg7 {[%clk 0:28:22]} 39. Kg2
{[%clk 0:02:19]} Bf8 {[%clk 0:28:34]} 40. Kg1 Be8 {[%clk 0:28:40]} 41. Be2
{[%clk 0:29:23]} Rah7 {[%clk 0:58:41]} 42. Bf1 {[%clk 0:29:12]} Kd7
{[%clk 0:55:30]} 43. Kf2 {[%clk 0:27:18]} Rh6 {[%clk 0:55:52]} 44. Kg1
{[%clk 0:26:36]} Bxd6 {[%clk 0:55:30]} 45. Kf2 {[%clk 0:24:49]} Kc7
{[%clk 0:55:05]} 46. Kg1 {[%clk 0:24:33]} Be7 {[%clk 0:55:09]} 47. Kf2
{[%clk 0:24:49]} Kb8 {[%clk 0:54:27]} 48. Kg1 {[%clk 0:24:28]} Kc7
{[%clk 0:48:16]} 49. Kf2 {[%clk 0:24:45]} Bd6 {[%clk 0:48:12]} 50. Kg1
{[%clk 0:24:39]} R8h7 {[%clk 0:48:40]} 51. Kf2 {[%clk 0:24:23]} Bd7
{[%clk 0:49:00]} 52. Kg1 {[%clk 0:19:53]} Bc8 {[%clk 0:49:12]} 53. Kf2
{[%clk 0:18:33]} Be7 {[%clk 0:46:53]} 54. Kg1 {[%clk 0:18:32]} hxg4
{[%clk 0:44:22]} 55. hxg4 {[%clk 0:17:28]} Rh4 {[%clk 0:44:01]} 56. Rg2
{[%clk 0:16:29]} Rh3 {[%clk 0:42:41]} 57. Kf2 {[%clk 0:16:52]} Bd6
{[%clk 0:37:10]} 58. Rg1 {[%clk 0:13:19]} R3h4 {[%clk 0:37:29]} 59. Bg2
{[%clk 0:12:53]} Bd7 {[%clk 0:37:36]} 60. Rh1 {[%clk 0:13:11]} Be7
{[%clk 0:37:40]} 61. Rxh4 {[%clk 0:11:56]} gxh4 {[%clk 0:38:06]} 62. Bf1
{[%clk 0:11:54]} h3 {[%clk 0:38:05]} 63. Be2 {[%clk 0:12:21]} Bh4+
{[%clk 0:38:09]} 64. Kg1 {[%clk 0:12:24]} Kd8 {[%clk 0:36:34]} 65. Bf1
{[%clk 0:11:47]} Bg3 {[%clk 0:35:45]} 66. Rd6 {[%clk 0:09:51]} Ke7
{[%clk 0:36:12]} 67. Rd2 Rh6 {[%clk 0:35:36]} 68. Kh1 {[%clk 0:08:23]} Be1
{[%clk 0:35:27]} 69. Rd3 {[%clk 0:07:54]} Be8 {[%clk 0:31:59]} 70. Kh2
{[%clk 0:08:05]} Bg3+ {[%clk 0:32:16]} 71. Kh1 {[%clk 0:08:31]} h2
{[%clk 0:30:23]} 72. Rd2 {[%clk 0:08:33]} Be1 {[%clk 0:30:50]} 73. Rd3
{[%clk 0:09:00]} Bf2 {[%clk 0:30:18]} 74. Nd1 {[%clk 0:08:33]} Bg1
{[%clk 0:30:20]} 75. Rd2 {[%clk 0:08:36]} Bf7 {[%clk 0:29:13]} 76. Nc3
{[%clk 0:08:47]} Bd4 {[%clk 0:29:03]} 77. Nb1 {[%clk 0:06:18]} Bg1
{[%clk 0:28:10]} 78. Nc3 {[%clk 0:06:33]} Rh8 {[%clk 0:28:36]} 79. Rd1
{[%clk 0:06:20]} Be6 {[%clk 0:28:36]} 80. Rd3 {[%clk 0:05:39]} Bd4
{[%clk 0:28:11]} 81. Nb1 {[%clk 0:05:37]} Bd7 {[%clk 0:25:25]} 82. Rd2
{[%clk 0:05:50]} Bg1 {[%clk 0:25:52]} 83. Nc3 {[%clk 0:05:37]} Rb8
{[%clk 0:26:13]} 84. Bd3 {[%clk 0:03:02]} Be8 {[%clk 0:26:03]} 85. Kg2 Rd8
{[%clk 0:26:13]} 86. Nb1 {[%clk 0:02:19]} Rd6 {[%clk 0:24:26]} 87. Be2
{[%clk 0:02:34]} Rh6 {[%clk 0:23:06]} 88. Kh1 {[%clk 0:03:01]} Rh3
{[%clk 0:23:22]} 89. Nc3 {[%clk 0:02:26]} Bd7 {[%clk 0:23:36]} 90. Rd3
{[%clk 0:02:36]} Bd4 {[%clk 0:23:46]} 91. Nb1 {[%clk 0:02:42]} b5
{[%clk 0:24:07]} 92. Na3 {[%clk 0:02:22]} bxa4 {[%clk 0:21:49]} 93. bxa4
{[%clk 0:02:41]} Kd6 {[%clk 0:21:51]} 94. Bf1 {[%clk 0:03:04]} Rh8
{[%clk 0:21:04]} 95. Rb3 {[%clk 0:03:32]} Kc7 {[%clk 0:21:42]} 96. Nc2
{[%clk 0:03:19]} Bg1 {[%clk 0:22:07]} 97. Ne1 {[%clk 0:03:10]} Be6
{[%clk 0:22:31]} 98. Rc3 {[%clk 0:01:08]} Rb8 {[%clk 0:22:51]} 99. Nd3
{[%clk 0:01:36]} Kd6 {[%clk 0:20:04]} 100. Rc2 {[%clk 0:01:56]} Rb3
{[%clk 0:18:37]} 101. Be2 {[%clk 0:01:28]} Ra3 {[%clk 0:18:45]} 0-1

[Event "World Chess Olympiad 2018"]
[Site "Batumi"]
[Date "2018.09.25"]
[Round "2"]
[Board "3"]
[WhiteFideId "9400338"]
[White "Al-Aqrabi Saleh"]
[BlackFideId "32500149"]
[Black "Deng Ateny Riak Joseph"]
[Result "0-1"]
[LiveChessVersion "1.4.8"]
[BlackElo "2014"]
[WhiteElo "2158"]

1. d4 {[%clk 1:30:22]} d5 {[%clk 1:30:33]} 2. c4 {[%clk 1:30:50]} c6
{[%clk 1:30:37]} 3. cxd5 {[%clk 1:31:02]} cxd5 {[%clk 1:30:44]} 4. Nc3
{[%clk 1:31:31]} Nf6 {[%clk 1:30:39]} 5. Nf3 {[%clk 1:31:46]} Nc6
{[%clk 1:30:54]} 6. a3 {[%clk 1:32:04]} g6 {[%clk 1:30:16]} 7. Bf4
{[%clk 1:32:25]} a6 {[%clk 1:30:06]} 8. e3 {[%clk 1:32:50]} Bg7 {[%clk 1:30:13]}
9. Be2 {[%clk 1:33:10]} O-O {[%clk 1:30:17]} 10. h3 {[%clk 1:33:02]} e6
{[%clk 1:27:39]} 11. b4 {[%clk 1:26:33]} b5 {[%clk 1:27:21]} 12. O-O
{[%clk 1:26:43]} Bb7 {[%clk 1:27:30]} 13. Nd2 {[%clk 1:26:56]} Rc8
{[%clk 1:26:48]} 14. Rc1 {[%clk 1:27:26]} Ne8 {[%clk 1:26:21]} 15. Nb3
{[%clk 1:26:30]} Ra8 {[%clk 1:22:55]} 16. Nc5 {[%clk 1:26:15]} Bc8
{[%clk 1:23:13]} 17. Qd2 {[%clk 1:25:46]} Nd6 {[%clk 1:22:54]} 18. Bxd6
{[%clk 1:26:14]} Qxd6 {[%clk 1:22:55]} 19. f4 {[%clk 1:26:43]} f6
{[%clk 1:20:19]} 20. Bf3 {[%clk 1:25:23]} Ra7 {[%clk 1:19:56]} 21. Qa2
{[%clk 1:23:30]} Raf7 {[%clk 1:17:28]} 22. Rc2 {[%clk 1:21:46]} Ne7
{[%clk 1:12:24]} 23. Rfc1 {[%clk 1:19:08]} Nf5 {[%clk 1:10:32]} 24. Nd1
{[%clk 1:19:31]} Nh4 {[%clk 1:09:19]} 25. Bg4 {[%clk 1:12:53]} h5 26. Be2
{[%clk 1:12:14]} e5 {[%clk 0:52:26]} 27. Nd3 {[%clk 1:04:20]} Bd7
{[%clk 0:51:10]} 28. Rc5 {[%clk 1:03:32]} Qe7 {[%clk 0:45:52]} 29. Rc7
{[%clk 0:56:46]} exd4 {[%clk 0:41:31]} 30. exd4 {[%clk 0:56:37]} Qe4
{[%clk 0:41:19]} 31. Bf1 {[%clk 0:53:17]} Qxd4+ {[%clk 0:36:11]} 32. Qf2
{[%clk 0:51:53]} Qxf2+ {[%clk 0:35:15]} 33. N1xf2 {[%clk 0:50:55]} Ra8
{[%clk 0:34:27]} 34. Nc5 {[%clk 0:50:39]} Be8 {[%clk 0:34:32]} 35. Ne6
{[%clk 0:48:14]} Rxc7 {[%clk 0:30:38]} 36. Nxc7 {[%clk 0:45:02]} Rc8
{[%clk 0:30:46]} 37. Nd3 {[%clk 0:45:30]} Bf7 {[%clk 0:29:27]} 38. Nxa6
{[%clk 0:43:17]} Ra8 {[%clk 0:22:15]} 39. Rc6 {[%clk 0:43:28]} Nf5
{[%clk 0:22:18]} 40. Ndc5 {[%clk 1:12:49]} Nd4 {[%clk 0:51:53]} 41. Rb6
{[%clk 1:13:17]} Nc2 {[%clk 0:49:25]} 42. Bxb5 {[%clk 1:10:33]} Nxa3
{[%clk 0:49:42]} 43. Bd3 {[%clk 1:10:04]} f5 {[%clk 0:48:53]} 44. Kf1
{[%clk 1:07:08]} Bd4 {[%clk 0:45:54]} 45. Rb8+ {[%clk 1:04:30]} Rxb8
{[%clk 0:46:03]} 46. Nxb8 {[%clk 1:04:56]} Be8 {[%clk 0:45:28]} 47. Ke2
{[%clk 1:01:27]} Kf7 {[%clk 0:42:09]} 48. Nba6 {[%clk 1:01:14]} Ke7
{[%clk 0:40:32]} 49. Nb3 {[%clk 0:55:26]} Bb6 {[%clk 0:40:29]} 50. Nac5
{[%clk 0:54:49]} Nb5 {[%clk 0:38:46]} 51. Ke3 {[%clk 0:53:30]} Kd6
{[%clk 0:36:56]} 52. g3 {[%clk 0:50:40]} Nc7 {[%clk 0:36:16]} 53. Kd2
{[%clk 0:50:10]} Ne6 {[%clk 0:36:02]} 54. Nxe6 {[%clk 0:48:44]} Kxe6
{[%clk 0:36:08]} 55. Ke2 {[%clk 0:46:37]} Kd6 {[%clk 0:34:43]} 56. Nd2
{[%clk 0:45:46]} Bd4 {[%clk 0:33:51]} 57. b5 {[%clk 0:44:09]} Bb6
{[%clk 0:30:22]} 58. Nb3 {[%clk 0:42:26]} Bf7 {[%clk 0:30:02]} 59. Nd2
{[%clk 0:38:34]} Bd4 {[%clk 0:28:04]} 60. Bc2 {[%clk 0:33:05]} Be8
{[%clk 0:27:26]} 61. Bd3 {[%clk 0:33:04]} Bc3 {[%clk 0:27:06]} 62. Nb3
{[%clk 0:30:39]} Bf7 {[%clk 0:25:34]} 63. Ke3 {[%clk 0:31:02]} Kc7
{[%clk 0:23:04]} 64. Be2 {[%clk 0:26:39]} Kb6 {[%clk 0:22:47]} 65. Bd3
{[%clk 0:24:52]} Be8 {[%clk 0:22:01]} 66. Nd4 {[%clk 0:24:48]} Bd7
{[%clk 0:20:27]} 67. Ne2 {[%clk 0:19:26]} Bf6 {[%clk 0:16:42]} 68. Nd4
{[%clk 0:19:18]} Bg7 {[%clk 0:16:41]} 69. Bf1 {[%clk 0:14:38]} Kc5
{[%clk 0:15:20]} 70. Nb3+ {[%clk 0:15:07]} Kb4 {[%clk 0:14:12]} 71. Nd4
{[%clk 0:15:33]} Kc3 {[%clk 0:13:43]} 72. Ne2+ {[%clk 0:15:22]} Kc2
{[%clk 0:12:13]} 73. b6 {[%clk 0:13:43]} Bc8 {[%clk 0:08:42]} 74. Nd4+
{[%clk 0:11:35]} Kb2 {[%clk 0:09:07]} 75. Bb5 {[%clk 0:09:32]} Bb7
{[%clk 0:08:43]} 76. Kd3 {[%clk 0:09:52]} Bf6 {[%clk 0:06:16]} 77. Ne6
{[%clk 0:09:41]} Ka3 {[%clk 0:06:25]} 78. Be8 {[%clk 0:08:05]} Kb4
{[%clk 0:05:03]} 79. Bxg6 {[%clk 0:07:52]} Ba6+ {[%clk 0:05:09]} 80. Ke3
{[%clk 0:07:40]} Kc3 {[%clk 0:05:17]} 81. Bxf5 {[%clk 0:06:57]} d4+
{[%clk 0:05:37]} 82. Kf2 {[%clk 0:06:17]} Be7 {[%clk 0:03:54]} 83. Be4
{[%clk 0:04:40]} d3 {[%clk 0:03:26]} 84. Ke1 {[%clk 0:01:30]} d2+
{[%clk 0:02:23]} 85. Kd1 {[%clk 0:01:58]} Bc4 {[%clk 0:02:01]} 86. Bc2
{[%clk 0:01:51]} Bxe6 {[%clk 0:02:10]} 87. Ba4 {[%clk 0:01:55]} Bxh3
{[%clk 0:01:44]} 88. Ke2 {[%clk 0:02:19]} Bg4+ {[%clk 0:01:48]} 89. Ke3
{[%clk 0:02:27]} Bc5+ {[%clk 0:01:50]} 90. Ke4 {[%clk 0:02:53]} Bxb6
{[%clk 0:01:53]} 91. f5 {[%clk 0:03:15]} Bc7 {[%clk 0:01:53]} 92. f6
{[%clk 0:03:28]} Bxg3 {[%clk 0:02:20]} 93. f7 {[%clk 0:03:56]} Bd6
{[%clk 0:02:46]} 0-1

[Event "Wolrd Chess Olympiad 2018"]
[Site "Batumi"]
[Date "2018.09.25"]
[Round "2"]
[Board "2"]
[WhiteFideId "16400291"]
[White "Ebosse Kingue Victor Patrick"]
[BlackFideId "11100400"]
[Black "Del Castilho Martyn"]
[Result "0-1"]
[LiveChessVersion "1.4.8"]
[BlackElo "2250"]
[WhiteElo "2060"]

1. e4 {[%clk 1:30:16]} c5 {[%clk 1:30:54]} 2. Nf3 {[%clk 1:30:30]} e6
{[%clk 1:31:17]} 3. Nc3 {[%clk 1:30:32]} a6 {[%clk 1:29:52]} 4. a4
{[%clk 1:28:53]} Nc6 {[%clk 1:30:02]} 5. Bc4 {[%clk 1:26:48]} Nf6
{[%clk 1:27:12]} 6. d3 {[%clk 1:26:36]} d6 {[%clk 1:21:24]} 7. O-O
{[%clk 1:21:27]} Be7 {[%clk 1:21:29]} 8. Bb3 {[%clk 1:19:25]} O-O
{[%clk 1:21:29]} 9. Re1 {[%clk 1:19:37]} d5 {[%clk 1:08:50]} 10. Bg5
{[%clk 1:10:19]} d4 {[%clk 1:00:33]} 11. Ne2 {[%clk 1:08:41]} b6 {[%clk 0:55:15]}
12. Ng3 {[%clk 0:58:05]} Bb7 {[%clk 0:43:52]} 13. h3 {[%clk 0:56:07]} Rc8
{[%clk 0:40:52]} 14. Nh2 {[%clk 0:52:27]} b5 {[%clk 0:24:02]} 15. axb5
{[%clk 0:49:59]} axb5 {[%clk 0:24:30]} 16. Bd2 {[%clk 0:50:26]} Qb6
{[%clk 0:22:10]} 17. Kh1 {[%clk 0:43:55]} Ra8 {[%clk 0:19:26]} 18. Rxa8
{[%clk 0:42:27]} Rxa8 {[%clk 0:19:48]} 19. f4 {[%clk 0:42:46]} Na5
{[%clk 0:18:57]} 20. Bxa5 {[%clk 0:29:51]} Qxa5 {[%clk 0:19:11]} 21. f5
{[%clk 0:28:36]} e5 {[%clk 0:18:41]} 22. Rf1 {[%clk 0:26:49]} Qa6
{[%clk 0:14:01]} 23. Qe2 {[%clk 0:18:53]} Rc8 {[%clk 0:14:02]} 24. c3
{[%clk 0:15:31]} c4 {[%clk 0:13:58]} 25. Bc2 {[%clk 0:15:54]} dxc3
{[%clk 0:09:02]} 26. bxc3 Qa3 {[%clk 0:08:09]} 27. dxc4 {[%clk 0:03:53]} Qxc3
{[%clk 0:08:07]} 28. Rf3 {[%clk 0:04:07]} Qxc4 29. Bd3 Qd4 {[%clk 0:03:06]} 30.
Rf1 {[%clk 0:03:11]} b4 {[%clk 0:03:00]} 31. Nf3 {[%clk 0:02:51]} Qc3
{[%clk 0:03:06]} 32. Bb1 {[%clk 0:02:00]} b3 {[%clk 0:02:34]} 33. Qb5
{[%clk 0:01:41]} Ba8 {[%clk 0:01:35]} 0-1